Statistics for Top 10 Wheat-Producing Countries

Click here to take the quiz!

General Stats

  • This quiz has been taken 16,800 times
    (16,703 since last reset)
  • The average score is 8 of 10

Answer Stats

Tonnes Country % Correct
47.4 milUnited States
99%
134 milChina
97%
85.9 milRussia
94%
30.0 milCanada
91%
98.5 milIndia
88%
36.9 milFrance
86%
24.5 milGermany
85%
31.8 milAustralia
77%
26.2 milUkraine
65%
26.7 milPakistan
47%

Score Distribution

Percentile by Number Answered

Percent of People with Each Score

Your Score History

You have not taken this quiz since the last reset